| 000 | 00938nam a2200301 a 4500 | ||
|---|---|---|---|
| 001 | 000110823 | ||
| 003 | CHAP | ||
| 005 | 20220329144147.0 | ||
| 008 | 141008s2011 mx a |s| |1|||||spa d | ||
| 010 | _a107285 | ||
| 011 | _a108257 | ||
| 020 | _a9786071201881 | ||
| 040 | _cCHAP | ||
| 090 | _aCD-450 | ||
| 111 | 2 | 0 |
_aForo de Avances de investigación _n(5: _d2010: _cChapingo, Méx.) _9128592 |
| 245 | 1 | 0 |
_aMemorias del quinto foro de avances de investigación _h[Disco Compacto] |
| 260 |
_aChapingo, Méx. : _bUACH, _c2011. |
||
| 300 |
_a1 CD ROM ; _c4 3/4 plg. |
||
| 590 |
_aE5995AHE _b05 _c20141008 _lUCH01 _h1005 |
||
| 590 |
_aE5995AHE _b05 _c20141008 _lUCH01 _h1006 |
||
| 590 |
_aE5995AHE _b05 _c20141008 _lUCH01 _h1120 |
||
| 650 | 1 | 4 |
_aAgricultura _xCongresos. _91373 |
| 650 | 1 | 4 |
_aAgua _xContaminación _xValle de México. _92362 |
| 650 | 1 | 4 |
_aAguas residuales para irrigación. _92591 |
| 901 | _aBK | ||
| 942 | _cCD | ||
| 942 | _n0 | ||
| 999 |
_c107285 _d107285 |
||